01361cam a2200253 a 4500020001500000040000900015082002600024110001900050245046700069300004500536500006000581500003400641500011300675500005200788650001600840650001500856650002000871650002200891710001900913710001900932942001000951999001700961952012900978 a0160387264 cDNAL00a333 WOR 1989 C153 Or.1 aUnited States.14aThe Pacific Yew Act of 1991 :bjoint hearing before the Subcommittee on Fisheries and Wildlife Conservation and the Environment of the Committee on Merchant Marine and Fisheries and the Subcommittee on Forests, Family Farms, and Energy of the Committee on Agriculture and the Subcommittee on National Parks and Public Lands of the Committee on Interior and Insular Affairs, House of Representatives, One Hundred Second Congress, second session ... March 4, 1992. avi, 239 pages :billustrations ;c24 cm. aDistributed to some depository libraries in microfiche. aShipping list no.: 92-0428-P. a"Serial no. 102-71 (Committee on Merchant Marine and Fisheries; Committee on Interior and Insular Affairs)." a"Serial no. 102-61 (Committee on Agriculture)." 0aPacific yew 0aPaclitaxel 0aForest reserves 0aForest management1 aUnited States.1 aUnited States. cAEDBB c18821d18821 0010406333_000000000000000_WOR_1989_C153_OR70983391aLBCbLBCd2020-01-28eA39110o333 WOR 1989 C153 Or.r2020-01-28yEK